000 02307nam a2200421 i 4500
001 xx005113602
003 NUKAT
005 20260407113857.0
008 210416s1937 pl a |001 0 pol c
035 _a(OCoLC)830190633
035 _a(NUKAT)xx005113602
040 _aWA 392/MD
_bpol
_erda
_cWA 392/MD
_dWA 392/TB
041 1 _apol
_hrus
245 0 0 _aPisma zbiorowe :
_bwydanie prac dotychczas drukiem ogłoszonych.
_nT. 7 /
_cJózef Piłsudski ; tom niniejszy wstępem zaopatrzył Józef Moszczeński ; okładkę projektował Tadeusz Gronowski. Pochód za Wisłę : wykłady wygłoszone na kursie uzupełniającym Akademii Wojskowej R. K. K. A. w Moskwie, 7-10 lutego 1923 roku / M. Tuchaczewski ; przełożył Antoni Bogusławski.
246 1 8 _aPisma zbiorowe Józefa Piłsudskiego
260 _aWarszawa :
_bInstytut Józefa Piłsudskiego Poświęcony Badaniu Najnowszej Historii Polski,
_c1937
_e(Kraków :
_fdruk W. L. Anczyca i Spółki).
300 _a[4], 217, [1], V, [1] strona, [1] karta tablic, [9] kart tablic złożonych :
_bilustracje (w tym kolorowe) ;
_c23 cm.
336 _aTekst
_btxt
_2rdacontent
337 _aBez urządzenia pośredniczącego
_bn
_2rdamedia
338 _aWolumin
_bnc
_2rdacarrier
380 _aKsiążki
504 _aIndeksy.
505 0 _aRok 1920.
600 1 7 _aPiłsudski, Józef
_d(1867-1935)
_xmyśl polityczna i społeczna.
_2kaba
_939494
650 7 _aWojna polsko-bolszewicka (1919-1920)
_2DBN
_935671
650 7 _aIdee polityczne
_zPolska
_y1900-1945.
_2kaba
_933151
650 7 _aLata dwudzieste (dwudziesty wiek).
_2kaba
_939502
651 7 _aPolska
_y1864-1918 (Okres popowstaniowy).
_2kaba
_935518
651 7 _aPolska
_y1918-1939 (II Rzeczpospolita).
_2kaba
_91394
700 1 _aMoszczeński, Józef
_d(1894-1957).
_eWstęp
_939503
700 1 2 _aTuhačevskij, Mihail Nikolaevič
_d(1893-1937).
_tPohod za Vislu
_l(pol.)
_935668
700 1 _aBogusławski, Antoni
_d(1889-1956).
_eTłumaczenie
_935669
700 1 _aGronowski, Tadeusz
_d(1894-1990).
_eProjekt graficzny
_939496
700 1 2 _aPiłsudski, Józef
_d(1867-1935).
_tRok 1920
_l(pol.)
_935670
710 2 _aInstytut Józefa Piłsudskiego Poświęcony Badaniu Najnowszej Historii Polski (1936-1939).
_eWydawca
_4pbl
_97498
710 2 _aW. L. Anczyc i Spółka.
_eDruk
_4prt
_94292
942 _2ddc
_cBK_NM
999 _c27438
_d27438